Právne a ekonomické aspekty reklamy a reklamné slogany diplomová práca

Salvato in:
Dettagli Bibliografici
Autore principale: Strempeková, Miroslava
Ente Autore: Obchodná fakulta EU. Katedra obchodného práva
Altri autori: Kropaj, Marián, 1983-
Natura: Libro
Lingua:slovacco
Pubblicazione: Bratislava 2017
Tags: Aggiungi Tag
Nessun Tag, puoi essere il primo ad aggiungerne!!

MARC

LEADER 00000nbm a2200000 4500
001 0230697
005 20180213110957.7
041 0 |a slo 
044 |a SK 
245 1 0 |a Právne a ekonomické aspekty reklamy a reklamné slogany  |b diplomová práca  |c Miroslava Strempeková ; školiteľ: Marián Kropaj 
264 1 |a Bratislava  |c 2017 
300 |a 65 s. 
100 1 |a Strempeková, Miroslava 
700 1 |a Kropaj, Marián, 1983- 
710 2 |a Obchodná fakulta EU. Katedra obchodného práva